Miasta Ekstraklasy - Statystyki

Ogólne statystyki
  • Ten quiz został rozwiązany 262 razy
  • Średni wynik to 33 z 57
Statystyki odpowiedzi
Ilość Klubów Odpowiedź % Poprawnych
4 Warszawa
100%
3 Poznań
97%
7 Kraków
94%
1 Gdańsk
92%
2 Gdynia
91%
2 Szczecin
89%
1 Lublin
88%
1 Białystok
87%
1 Wrocław
87%
5 Łódź
84%
1 Lubin
81%
1 Zabrze
81%
3 Katowice
80%
1 Kielce
79%
2 Chorzów
78%
2 Bydgoszcz
75%
1 Gliwice
75%
1 Rzeszów
75%
1 Radom
74%
1 Częstochowa
73%
1 Olsztyn
70%
1 Opole
68%
1 Toruń
67%
1 Bielsko-Biała
66%
1 Legnica
66%
1 Mielec
64%
1 Płock
64%
1 Sosnowiec
63%
1 Nieciecza
62%
2 Bytom
60%
2 Tychy
60%
1 Łęczna
57%
1 Nowy Sącz
57%
1 Bełchatów
56%
1 Wronki
55%
4 Lwów
50%
1 Grodzisk Wielkopolski
49%
2 Wałbrzych
43%
1 Tarnów
42%
1 Tarnobrzeg
39%
1 Polkowice
36%
1 Rybnik
36%
1 Siedlce
35%
1 Ostrowiec Świętokrzyski
32%
1 Dębica
31%
1 Jastrzębie
31%
1 Wodzisław Śląski
31%
1 Jaworzno
30%
1 Radomsko
30%
1 Stalowa Wola
30%
1 Wilno
30%
1 Nowy Dwór Mazowiecki
28%
1 Radzionków
25%
1 Pniewy
24%
1 Racibórz
15%
1 Radlin
15%
1 Świętochłowice
12%
Nie znaleziono quizów pasujących do podanych kryteriów
Rozkład punktacji
Procent ludzi z każdym wynikiem
Percentyl według liczby udzielonych odpowiedzi
Twoja historia wyników
Nie rozwiązałeś tego quizu